| 000 | 00533nam a22001457a 4500 | ||
|---|---|---|---|
| 008 | 150618b xxu||||| |||| 00| 0 eng d | ||
| 020 | _a9780199138807 | ||
| 050 | _aQC 21.2 .C712 2011 | ||
| 100 | _aCollins, Ian | ||
| 245 |
_aComplete physics for cambridge IGCSE _b: teacher's resource pack / _cIan Collins .-- |
||
| 260 |
_aNew York : _bOxford University Press _cc2011 |
||
| 300 |
_a86 pages., _billustrations., _c27 cm. _eTeacher's Guide |
||
| 650 | _aCircular motion -- Inertia -- Friction -- Charle's Law -- | ||
| 942 |
_2lcc _cBK |
||
| 999 |
_c288271 _d288271 |
||